000 01022nam0a22002771 4500
001 rc\4244799
005 20130416113200.3
021 _aRU
_b[59-68651]
035 _a(NLR Aleph) 008472598
090 _a7939245
_c7939245
100 _a20130416d1959 |||y0rusy50 ca
101 0 _arus
102 _aRU
105 _aa z |||||
200 1 _aОрганизация коллективного сада рабочих и служащих
210 _aУфа
_cБашкнигоиздат
_d1959
215 _a20 с.
_cчерт.
_d20
225 1 _aБиблиотечка садовода
_v[6]
300 _aВложена с 6-ю другими книгами этой серии в обертку с загл. серии
606 _aПлодовые сады, коллективные
_yБашкирская АССР
_2psbo
700 1 _aАхмеров
_bА. З.
_gАбдрахман Закирович
801 0 _aRU
_bNLR
_gpsbo
801 1 _aRU
_bELAR
_2rusmarc
852 _aNLR
_j59-4/17799
942 _cBOOK
980 _aNB